| 000 | 02544nam a2200397 i 4500 | ||
|---|---|---|---|
| 001 | 193580 | ||
| 003 | ES-MaACL | ||
| 005 | 20250708201744.0 | ||
| 007 | ta | ||
| 008 | 240116b2023 sp ||||| |||| 00| 0 spa d | ||
| 020 | _a9788419775641 | ||
| 040 |
_bspa _cES-MaACL |
||
| 080 | _a929 Primo de Rivera, José Antonio (0:82) | ||
| 080 | _a821.134.2-31"19" | ||
| 100 | 1 |
_9234887 _aGurpegui, José Antonio, _d1958- _eaut |
|
| 245 | 1 | 0 |
_aTiempo de sangres / _cJosé Antonio Gurpegui |
| 250 | _aPrimera edición: 2023 | ||
| 260 |
_a[Sevilla] : _bUniverso de Letras, _c2023 |
||
| 300 |
_a288 páginas ; _c23 cm |
||
| 336 |
_2rdacontent _aTexto |
||
| 337 |
_2rdamedia _asin mediación |
||
| 338 |
_2rdacarrier _avolumen |
||
| 500 | _aÍndice | ||
| 500 | _aNovela presentada en el Ateneo de Madrid el 20/7/2023 | ||
| 520 | _aLa muerte de José Antonio Primo de Rivera fue uno de los asuntos más escabrososvividos a comienzos de la guerra civil española. Se idearon numerosos intentos deliberación, desde ataques militares por sorpresa hasta sobornos a carceleros ypolíticos, pasando por el canje con el hijo del presidente Largo Caballero, prisionero deQueipo de Llano en Sevilla. El anuncio de su fusilamiento fue puesto en duda porpersonalidades nacionales e internacionales. El Gobierno británico incluso envió undiplomático al cementerio de Alicante, donde se exhumó el cadáver, para verificar talextremo. Incluso hoy en día el interrogante sobre a quién interesaba la muerte delfundador de Falange Española sigue siendo objeto de controversia. Tiempo desangres recrea la narración de un joven falangista que participó en el desconocido yexitoso intento de liberación de su líder poniendo en entredicho la fecha del 20 denoviembre de 1936 como día de la ejecución. Todo ello ambientado en un marco derigor y lógica histórica. | ||
| 600 | 1 | 7 |
_9161766 _aPrimo de Rivera, José Antonio, _d1903-1936- _vNovelas |
| 655 | 7 |
_aNovelas históricas _2tgfbne _9226782 |
|
| 852 |
_aES-MaACL _bR. 154931 _cDEPOJ _jN-9588 _gDedicatoria autógrafa del autor _hDonación: José Antonio Gurpegui _9201043 _xEncuadernación rústica con solapas |
||
| 903 |
_9234887 _aGurpegui, José Antonio, _d1958- _ednr |
||
| 942 |
_n0 _cMONOGRAFIA |
||
| 999 |
_c193580 _d193580 |
||